| 000 | 00703nam a22002297a 4500 | ||
|---|---|---|---|
| 003 | OSt | ||
| 005 | 20220107122739.0 | ||
| 008 | 140421b xxu||||| |||| 00| 0 eng d | ||
| 020 | _a9788120336964 | ||
| 040 | _cIIITM-K | ||
| 082 | _a004.65 COM/I | ||
| 100 |
_aComer, Douglas E _94324 |
||
| 245 |
_aThe internet: _bEverything you need to know about computer networking and how the internet works _cby Douglas E Comer |
||
| 250 | _a4th ed. | ||
| 260 |
_aNew Delhi, _bPHI Learning, _c2011. |
||
| 300 | _axxvii, 380p. | ||
| 650 |
_aCOMPUTER SCIENCE _94325 |
||
| 650 |
_aCOMMUNICATION ENGINEERING _94326 |
||
| 650 |
_aCOMPUTER NETWORKING _94327 |
||
| 650 |
_aINTERNET TECHNOLOGY _94328 |
||
| 942 |
_2ddc _cBK |
||
| 999 |
_c3902 _d3902 |
||